[Event "Oberliga Nord O9798"]
[Site "Germany"]
[Date "1998.??.??"]
[Round "?"]
[White "Baumbach, Friedrich"]
[Black "Rossmann, Helmut"]
[Result "1-0"]
[WhiteElo "2330"]
[BlackElo "2255"]

1.d4 Nf6 2.c4 g6 3.Nc3 Bg7 4.e4 d6 5.Nf3 O-O 6.Be2 e5 7.O-O Nh5 8.dxe5 dxe5
9.Qxd8 Rxd8 10.Nd5 Rd7 11.Ng5 c6 12.Bxh5 cxd5 13.Bg4 dxc4 14.Bxd7 Bxd7 15.Rd1 f6
16.Nf3 Bf8 17.Be3 Be7 18.Nd2 Be6 19.Rdc1 b5 20.a4  1-0

[Event "BL9798 (Women)"]
[Site "Germany"]
[Date "1998.??.??"]
[Round "?.1"]
[White "Bobrowska, Monika"]
[Black "Skibbe, Diana"]
[Result "1-0"]
[WhiteElo "2360"]
[BlackElo "2100"]

1.Nf3 Nf6 2.c4 g6 3.Nc3 Bg7 4.d4 O-O 5.e4 d6 6.Be2 Nbd7 7.O-O e5 8.d5 Nc5
9.Qc2 a5 10.Be3 Ncd7 11.Nd2 Ne8 12.a3 f5 13.f3 f4 14.Bf2 Ndf6 15.c5 Nh5 16.Nc4 Qg5
17.Rfe1 Bd7 18.b4 Rf7 19.Nxa5 dxc5 20.Nxb7 cxb4 21.axb4 Rb8 22.Nc5 Bh3 23.Bf1 Nd6
24.Ne6 Bxe6 25.dxe6 Re7 26.Nd5 Rxe6 27.Qxc7 Qd8 28.Red1 Qe8 29.Ra7 Rc8 30.Ne7+  1-0

[Event "BL9798 (Women)"]
[Site "Germany"]
[Date "1998.??.??"]
[Round "?.1"]
[White "Olbrich, Marina"]
[Black "Skibbe, Diana"]
[Result "1-0"]
[WhiteElo "2305"]
[BlackElo "2100"]

1.d4 Nf6 2.Nf3 g6 3.c4 Bg7 4.Nc3 O-O 5.e4 d6 6.Be2 e5 7.d5 Na6 8.O-O Nc5
9.Qc2 a5 10.Bg5 Bd7 11.Rfe1 Qe8 12.Nd2 h6 13.Be3 Nh5 14.Bxh5 gxh5 15.Bxc5 dxc5
16.Re3 f5 17.exf5 Bxf5 18.Nde4 h4 19.Qe2 Qg6 20.Nxc5 Rf7 21.Nd3 e4 22.Nf4 Qg5
23.Ne6 Qg6 24.Nxe4 Bxe6 25.dxe6 Re7 26.Nc3 c6 27.Re1 Rf8 28.Re4 Qf6 29.h3 Kh8
30.Na4 Qf5 31.Nb6 Rf6 32.Nd7 Rg6 33.Kh1 Kh7 34.b3 Bc3 35.Rc1 Bg7 36.Re1 Bc3
37.Rd1 Reg7 38.Rg4 Rxg4 39.hxg4 Rxg4 40.Qd3 Kg6 41.Qxc3 Rxg2 42.Kxg2 Qg4+
43.Kh2 Qxd1 44.Qf6+ Kh5 45.Qf5+  1-0

[Event "BL2-W9798"]
[Site "Germany"]
[Date "1998.??.??"]
[Round "?.4"]
[White "Sukharisingh, Ralf"]
[Black "Fritsche, Lutz"]
[Result "0-1"]
[WhiteElo "2340"]
[BlackElo "2365"]

1.d4 g6 2.c4 Bg7 3.e4 d6 4.Nc3 Nf6 5.Nf3 O-O 6.Be2 e5 7.d5 Nbd7 8.O-O Nc5
9.Qc2 a5 10.Bg5 h6 11.Be3 Nh5 12.g3 Bd7 13.b3 Qe7 14.a3 Nf6 15.Nd2 Ng4 16.Bxg4 Bxg4
17.b4 Na6 18.Rab1 f5 19.f3 Bh3 20.Rfe1 axb4 21.axb4 f4 22.Bf2 h5 23.Ne2 Qg5
24.Kh1 Bh6 25.Red1 fxg3 26.hxg3 h4 27.Kh2 hxg3+ 28.Bxg3 Qh5  0-1

[Event "BL2-S9798"]
[Site "Germany"]
[Date "1998.??.??"]
[Round "?.4"]
[White "Kraai, Jesse"]
[Black "Gross, David2"]
[Result "1-0"]
[WhiteElo "2345"]
[BlackElo "2305"]

1.d4 Nf6 2.c4 g6 3.Nc3 Bg7 4.e4 d6 5.Nf3 O-O 6.Be2 e5 7.d5 a5 8.Bg5 h6 9.Bh4 Na6
10.Nd2 Qe8 11.O-O Nh7 12.a3 Bd7 13.b3 f5 14.f3 f4 15.Rb1 h5 16.b4 axb4 17.axb4 b6
18.Bf2 g5 19.c5 bxc5 20.bxc5 Nxc5 21.Bxc5 dxc5 22.d6 cxd6 23.Nc4 Rd8 24.Nxd6 Qg6
25.Nb7 g4 26.Nxd8 Rxd8 27.Qd5+ Kh8 28.Rb7 Nf6 29.Qxc5 h4 30.Qb6 Qe8 31.fxg4 Nxg4
32.Bxg4 Bxg4 33.Nd5 Rc8 34.Rxg7  1-0

[Event "Oberliga Ost A9798"]
[Site "Germany"]
[Date "1998.??.??"]
[Round "?.5"]
[White "Hermannsdoerfer, Frank"]
[Black "Liedtke, Matthias"]
[Result "0-1"]
[WhiteElo "2110"]
[BlackElo "2255"]

1.d4 Nf6 2.Nf3 g6 3.c4 Bg7 4.Nc3 O-O 5.e4 d6 6.Be2 e5 7.d5 a5 8.Bg5 Na6 9.Nd2 h5
10.a3 Bd7 11.Rb1 Qe8 12.b4 axb4 13.axb4 Nh7 14.Be3 h4 15.g4 Qe7 16.h3 f5
17.Nf3 Kh8 18.g5 f4 19.Bd2 Nxg5 20.Nxh4 Kh7 21.Bg4 Bf6 22.Nf3 Kg7 23.Nxg5 Bxg5
24.Rg1 Kf6 25.h4 Bh6 26.Qf3 Rh8 27.c5 Kf7 28.c6 bxc6 29.dxc6 Be6 30.Nd5 Bxd5
31.exd5 Qf6 32.Be6+ Ke7 33.Qg4 g5 34.Ke2 Rab8 35.Qh5  0-1

[Event "Oberliga Ost B9798"]
[Site "Germany"]
[Date "1998.??.??"]
[Round "?.7"]
[White "Mueller, Horst"]
[Black "Kuenitz, Klaus"]
[Result "1/2-1/2"]
[WhiteElo "2095"]
[BlackElo "2120"]

1.d4 Nf6 2.c4 g6 3.Nc3 Bg7 4.Nf3 O-O 5.e4 d6 6.Be2 e5 7.dxe5 dxe5 8.Qxd8 Rxd8
9.Bg5 Na6 10.O-O Re8 11.Rfe1 Bg4 12.h3 Bxf3 13.Bxf3 Nc5 14.Rad1 Ne6 15.Be3 Rad8
16.Nd5  1/2-1/2

[Event "Oberliga Ost B9798"]
[Site "Germany"]
[Date "1998.??.??"]
[Round "?.6"]
[White "Falk, Thomas"]
[Black "Schultz, Andreas"]
[Result "0-1"]
[WhiteElo "2155"]
[BlackElo "2130"]

1.Nf3 Nf6 2.c4 g6 3.Nc3 Bg7 4.e4 d6 5.d4 O-O 6.Be2 e5 7.dxe5 dxe5 8.Qxd8 Rxd8
9.Bg5 Re8 10.O-O-O c6 11.Nxe5 h6 12.Bh4 Na6 13.Nf3 Nc5 14.Bd3 Nh5 15.Bc2 Be6
16.Nd4 Bxc4 17.g4 Nf4 18.Kb1 Nfd3 19.Nde2 Nxb2 20.Rd6 Bxe2 21.Nxe2 Nc4 22.Rdd1 Na3+
23.Kc1 Nxc2 24.Kxc2 Rxe4 25.Rd2 Rxg4 26.Be7 Re8  0-1

[Event "Oberliga Ost B9798"]
[Site "Germany"]
[Date "1998.??.??"]
[Round "?.3"]
[White "Roeschlau, Bernd"]
[Black "Zude, Erik"]
[Result "1-0"]
[WhiteElo "2245"]
[BlackElo "2365"]

1.d4 Nf6 2.c4 g6 3.Nc3 Bg7 4.e4 d6 5.Nf3 O-O 6.Be2 Na6 7.O-O e5 8.Re1 c6
9.Rb1 exd4 10.Nxd4 Re8 11.Bg5 h6 12.Bh4 g5 13.Bg3 Nxe4 14.Nxe4 Rxe4 15.Nc2 Bf5
16.Qd2 Qf6 17.Red1 Rae8 18.Bd3 R4e6 19.b4 Nb8 20.Ne3 Bg6 21.Rb3 Nd7 22.Bxg6 Qxg6
23.Bxd6 Nf6 24.f3 g4 25.Bg3 gxf3 26.gxf3 h5 27.Kh1 Bh6 28.Bf2 Ne4 29.fxe4 Qxe4+
30.Kg1 Rg6+ 31.Kf1 Qh1+ 32.Ke2 Qxh2 33.Qd7 Rge6 34.Rg1+ Kh8 35.Qd4+ f6 36.Kf1 Qh3+
37.Rg2 Bg5 38.Kg1 Re4 39.Qd6 Rxe3 40.Rxe3 Rxe3 41.Rxg5 fxg5 42.Qh6+  1-0

[Event "Oberliga Nord W9798"]
[Site "Germany"]
[Date "1998.??.??"]
[Round "?.3"]
[White "Richter, Matthias Alexander"]
[Black "Jolowicz, Matias"]
[Result "1-0"]
[WhiteElo "2275"]
[BlackElo "2240"]

1.d4 Nf6 2.c4 g6 3.Nc3 Bg7 4.e4 O-O 5.Nf3 d6 6.Be2 Qe8 7.O-O e5 8.dxe5 dxe5
9.Nd5 Na6 10.Qc2 c6 11.Nxf6+ Bxf6 12.Be3 Qe7 13.c5 Nc7 14.h3 Ne6 15.Bc4 Nd4
16.Nxd4 exd4 17.Bf4 Be5 18.Bxe5 Qxe5 19.f4 Qe7 20.Rad1 Kh8 21.Bb3 d3 22.Rxd3 Qxe4
23.Qc3+ Kg8 24.Re3 Qf5 25.g4 Qd7 26.f5 Qc7 27.fxg6 hxg6 28.Bxf7+ Qxf7 29.Rxf7 Rxf7
30.Re8+ Rf8 31.Rxf8+ Kxf8 32.Qf6+  1-0

[Event "Oberliga Ost B9798"]
[Site "Germany"]
[Date "1998.??.??"]
[Round "?.4"]
[White "Legde, Georg"]
[Black "Zude, Erik"]
[Result "0-1"]
[WhiteElo "2220"]
[BlackElo "2365"]

1.d4 Nf6 2.c4 g6 3.Nc3 Bg7 4.e4 d6 5.Be2 O-O 6.Nf3 e5 7.O-O Na6 8.Be3 c6
9.d5 Ng4 10.Bg5 f6 11.Bd2 Bd7 12.Rb1 f5 13.dxc6 Bxc6 14.Ng5 Bd7 15.exf5 gxf5
16.Bxg4 fxg4 17.Be3 Bc6 18.Ne6 Qh4 19.Nxf8 Bxf8 20.Nd5 Nc5 21.f3 gxf3 22.Qxf3 Qxc4
23.Qf7+ Kh8 24.Bg5 Ne4 25.Bf6+ Nxf6 26.Qxf6+ Bg7 27.Ne3 Qc5 28.Qf2 Rf8 29.Qg3 Rg8
30.b4 Qd4 31.Qf2 Be4 32.Rbd1 Qxb4 33.Nd5 Qc5 34.Qxc5 dxc5 35.Ne7 Re8 36.Rd7 c4
37.Rc1 Bd3 38.Rxb7 e4 39.Kf2 e3+ 40.Kg3  0-1

[Event "BL2-O9798"]
[Site "Germany"]
[Date "1998.??.??"]
[Round "5.8"]
[White "Schaeffner, Claus"]
[Black "Rupp, Markus"]
[Result "1/2-1/2"]
[WhiteElo "2200"]
[BlackElo "2200"]

1.d4 Nf6 2.c4 g6 3.Nc3 Bg7 4.e4 d6 5.Be2 O-O 6.Nf3 e5 7.O-O exd4 8.Nxd4 Re8
9.f3 Nc6 10.Nc2 Be6 11.Rb1 Ne5 12.b3 c6 13.Kh1 h5 14.Bg5 Qa5 15.Bd2 Qc7 16.f4 Neg4
17.h3 Nh6 18.f5 gxf5 19.Qc1 Kh7 20.Bd3 Nxe4 21.Nxe4 fxe4 22.Bxe4+ f5 23.Bd3 Qf7
24.Ne1 Qg6 25.Nf3 Bf6 26.Qc2 Rg8 27.Be3 Raf8 28.Nd4 Bxd4 29.Bxd4 c5 30.Bb2 Bd7
31.Rbe1 Re8 32.Rxe8 Rxe8 33.Qf2 Bc6 34.Rd1 Be4 35.Rd2 Nf7 36.b4 b6 37.Bxe4 fxe4
38.Rd5 e3 39.Qe2 Nh6 40.bxc5 Nf5 41.Kh2 Ng3 42.Qf3 e2 43.Bc3 Re3 44.Rxh5+ Qxh5
45.Qb7+ Kg6 46.Qg7+ Kf5 47.Qf6+ Ke4 48.Qd4+ Kf5 49.Qf6+ Ke4 50.Qd4+  1/2-1/2

[Event "BL2-O9798"]
[Site "Germany"]
[Date "1998.??.??"]
[Round "5.7"]
[White "Fischer, Johannes"]
[Black "Kapischka, Jens"]
[Result "1-0"]
[WhiteElo "2310"]
[BlackElo "2315"]

1.d4 Nf6 2.Nf3 g6 3.c4 Bg7 4.Nc3 O-O 5.e4 d6 6.Be2 e5 7.d5 a5 8.Be3 Ng4 9.Bd2 f5
10.Ng5 Nf6 11.exf5 gxf5 12.f4 e4 13.O-O Qe7 14.Qc2 Na6 15.Rae1 Bd7 16.Nd1 Nc5
17.Ne3 h6 18.Nh3 c6 19.dxc6 bxc6 20.Bc3 Ng4 21.Bxg7 Qxg7 22.Nd1 Ne6 23.Qd2 Nd4
24.Kh1 d5 25.Bxg4 fxg4 26.Ng1 Be6 27.c5 Bf5 28.Ne2 Ne6 29.Ng3 Qd4 30.Qxd4 Nxd4
31.Ne3 Bc8 32.f5 Rb8 33.Rd1 Nb5 34.Nxg4 h5 35.Ne5 h4  1-0

[Event "NRW-Liga 9798"]
[Site "Germany"]
[Date "1998.??.??"]
[Round "5.4"]
[White "Kurr, Gerd"]
[Black "Sonntag, Hans Hubert"]
[Result "1/2-1/2"]
[WhiteElo "2235"]
[BlackElo "2365"]

1.d4 Nf6 2.Nf3 g6 3.c4 Bg7 4.Nc3 O-O 5.e4 d6 6.Be2 Nbd7 7.O-O e5 8.Re1 c6
9.Rb1 a5 10.Bf1 Re8 11.d5 Nc5 12.Bg5 h6 13.Bxf6 Bxf6 14.b3 Bg7 15.a3 Na6
16.Qd2 c5 17.h3 f5 18.Bd3 Rf8 19.Nb5 f4 20.Be2 b6 21.Rec1 Rf7 22.Qd1 Nc7
23.Nc3 h5 24.b4 axb4 25.axb4 Na6 26.bxc5 bxc5 27.Ra1 Rb8 28.Nb5 Bf6 29.Nd2 Qf8
30.Rc3 Nb4 31.Rca3 Rfb7 32.Ra7 Bd8 33.Nf3 Rxa7 34.Rxa7 Bb6 35.Ra3 Bd8 36.Ne1 Bd7
37.Nc2 Bb6 38.Ne1 Bxb5  1/2-1/2

[Event "BL2-N9798"]
[Site "Germany"]
[Date "1998.??.??"]
[Round "6.3"]
[White "Lipinsky, Fabian"]
[Black "Borik, Otto"]
[Result "0-1"]
[WhiteElo "2410"]
[BlackElo "2405"]

1.d4 Nf6 2.c4 g6 3.Nf3 Bg7 4.Nc3 O-O 5.e4 d6 6.Be2 e5 7.O-O Na6 8.Re1 exd4
9.Nxd4 Re8 10.f3 c6 11.Nb3 Nh5 12.f4 Nf6 13.Bf3 Be6 14.Qe2 Qb6+ 15.Kh1 Nd7
16.f5 gxf5 17.exf5 Bxf5 18.Qxe8+ Rxe8 19.Rxe8+ Nf8 20.Bf4 Bd7 21.Ree1 Nc5
22.Bxd6 Nxb3 23.axb3 Qxb3 24.Rxa7 Qxb2 25.Ne4 Bf5 26.Rd1 Bxe4 27.Bxe4 Be5
28.Bxe5 Qxe5 29.Bf3 Qb2 30.h4 Kg7 31.Raa1 Qf2 32.h5 Qh4+ 33.Kg1 Qxc4 34.Rab1 Qa6
35.Rb4 Ne6 36.Rd7 Qa1+ 37.Kf2 Nc5 38.Rg4+ Kf8 39.Rdd4 h6 40.Be2 Qb2 41.g3 Ke7
42.Rgf4 b5 43.Rd1 Ne6 44.Rf3 c5 45.Rd5 c4 46.Ke1 c3 47.Bd1 c2 48.Bxc2 Qxc2
49.Rxb5 Qe4+ 50.Kf2 Qxf3+  0-1

[Event "NRW-Liga 9798"]
[Site "Germany"]
[Date "1998.??.??"]
[Round "6"]
[White "Prange, Stefan"]
[Black "Scholz, Christian"]
[Result "0-1"]
[WhiteElo "2185"]
[BlackElo "2250"]

1.d4 Nf6 2.Nf3 g6 3.c4 Bg7 4.Nc3 O-O 5.e4 d6 6.Be2 e5 7.Be3 h6 8.dxe5 dxe5
9.Qxd8 Rxd8 10.h3 Na6 11.O-O Nh5 12.Rfd1 Be6 13.a3 Nf4 14.Bf1 b6 15.Kh2 c6
16.g3 Nh5 17.Be2 Kh7 18.Rab1 f5 19.exf5 gxf5 20.c5 Nxc5 21.Bxc5 bxc5 22.Nxe5 Bxe5
23.Bxh5 Bb3 24.Re1 Bf6 25.g4 Rd2 26.Kg3 Bd4 27.Re7+ Kh8 28.gxf5 Bc2 29.Ne4 Rd3+
30.Kg4 Bxb1 31.Bg6 Rd1 32.Ng3 Bxf2 33.Nh5 Rg1+ 34.Kf3 Bd4 35.Nf4 Rf8 36.Ne6 Rxg6
37.Nxf8 Rf6 38.Ng6+ Kg8 39.Re8+ Kg7 40.Ne7 Kf7  0-1

[Event "NRW-Liga 9798"]
[Site "Germany"]
[Date "1998.??.??"]
[Round "7.4"]
[White "Kurr, Gerd"]
[Black "Begnis, Nikolaos"]
[Result "1/2-1/2"]
[WhiteElo "2235"]
[BlackElo "2255"]

1.d4 Nf6 2.Nf3 g6 3.c4 Bg7 4.Nc3 O-O 5.e4 d6 6.Be2 Na6 7.O-O e5 8.Be3 Ng4
9.Bg5 Qe8 10.h3 h6 11.Bh4 Nf6 12.d5 Nh5 13.Re1 Nf4 14.Bf1 f5 15.Bg3 Nh5 16.Rb1 Nxg3
17.fxg3 Qd8 18.b4 h5 19.Bd3 f4 20.gxf4 Rxf4 21.Rf1 g5 22.Ne2 g4 23.hxg4 hxg4
24.Nh2 Qg5 25.g3 Rxf1+ 26.Nxf1 Bd7 27.Kg2 Rf8 28.Ng1 Bh6 29.Qe2 Be8 30.Nh2 Bh5
31.a3 Nb8 32.Rf1 Rxf1 33.Nxf1 Nd7 34.Qf2 b6 35.Qc2 Nf6 36.Qa4 Bg6 37.Qxa7 Nxe4
38.Qxc7 Qf6 39.Qc8+ Kh7 40.Qd7+ Bg7 41.Qxg4 Qf2+ 42.Kh1 Qd4 43.Qh3+ Bh6 44.Qd7+ Bg7
45.Qh3+ Bh6 46.Qd7+  1/2-1/2

[Event "NRW-Liga 9798"]
[Site "Germany"]
[Date "1998.??.??"]
[Round "8.4"]
[White "Stolte, Alexander"]
[Black "Wisskirchen, Andreas"]
[Result "0-1"]
[WhiteElo "2165"]
[BlackElo "2300"]

1.d4 Nf6 2.c4 g6 3.Nc3 Bg7 4.e4 d6 5.Nf3 O-O 6.Be2 e5 7.d5 Nbd7 8.h4 Nc5
9.Nd2 h5 10.b4 Na6 11.Ba3 c5 12.dxc6 bxc6 13.b5 cxb5 14.cxb5 Nc5 15.Nc4 Nfxe4
16.Nxe4 Nxe4 17.Qd5 Bf5 18.Bf3 Rc8 19.Bxe4 Be6 20.Qd3 Rxc4 21.O-O Qxh4 22.Rfe1 Rfc8
23.Bc6 e4 24.Qxd6 Bf8  0-1

[Event "NRW-Liga 9798"]
[Site "Germany"]
[Date "1998.??.??"]
[Round "9.4"]
[White "Kurr, Gerd"]
[Black "Kassebaum, Roman"]
[Result "1/2-1/2"]
[WhiteElo "2235"]
[BlackElo "2320"]

1.d4 Nf6 2.Nf3 g6 3.c4 Bg7 4.Nc3 O-O 5.e4 d6 6.Be2 e5 7.O-O Qe8 8.dxe5 dxe5
9.Be3 Na6 10.Nd2 c6 11.Rb1 Qe7 12.a3 Nc5 13.b4 Ne6 14.Qc1 Nd4 15.Bd1 Ng4
16.Bxg4 Bxg4 17.f3 Be6 18.Re1 Rfd8 19.Na4 b6 20.Nc3 Rd7 21.a4 a6 22.Qb2 Rad8
23.b5 axb5 24.axb5 cxb5 25.Nd5 Qc5 26.Bxd4 exd4 27.Qxb5 d3+ 28.Qxc5 bxc5
29.Rb3 Bd4+ 30.Kh1 f5 31.Rxd3 Rf8 32.Nb3 fxe4 33.fxe4 Rdf7 34.Rf3 Rxf3 35.gxf3 Bf2
36.Re2 Rxf3 37.Nd2 Rf7 38.Kg2 Bh4 39.Nf3 Bg4 40.Re3 Bf6 41.Nxf6+ Rxf6 42.Ne5 Bc8
43.Rd3 Rf8 44.Nd7 Bxd7 45.Rxd7 Rf4 46.Re7 Kf8 47.Re5 h6 48.Kg3 g5 49.Rxc5 Rxe4  1/2-1/2

[Event "NRW-Liga 9798"]
[Site "Germany"]
[Date "1998.??.??"]
[Round "9.4"]
[White "Boehle, Lars"]
[Black "Begnis, Nikolaos"]
[Result "1/2-1/2"]
[WhiteElo "2275"]
[BlackElo "2255"]

1.d4 Nf6 2.c4 g6 3.Nc3 Bg7 4.e4 d6 5.Nf3 O-O 6.Be2 Na6 7.O-O e5 8.Be3 Ng4
9.Bg5 Qe8 10.dxe5 dxe5 11.h3 h6 12.Bd2 Nf6 13.Be3 Nh5 14.Re1 Nf4 15.Bf1 Ne6
16.a3 Nac5 17.b4 Nd7 18.Qd2 Kh7 19.Rad1 f5 20.exf5 gxf5 21.Qc2 Kh8 22.c5 e4
23.Nd4 Ne5 24.Nd5 Qf7 25.Nf4 Nxf4 26.Bxf4 Bd7 27.Bc1 Rae8 28.Bb2 Bc8 29.Bb5 Rd8
30.Rd2 Qg6 31.Kh1 Rg8 32.Rg1 Qh5 33.Ne2 Qg5 34.Rxd8 Rxd8 35.Bc1 Qe7 36.Nf4 Kh7
37.Rd1 a6 38.Be2 Nc6 39.Be3 Nd4 40.Qc1 Nxe2 41.Nxe2 Rxd1+ 42.Qxd1 Be6 43.Qd2 Qd7
44.Qxd7 Bxd7 45.Bd4 Bxd4 46.Nxd4 Kg6 47.f4 exf3 48.Nxf3 Kf6 49.Kg1 f4 50.Kf2 Kf5
51.g4+ fxg3+ 52.Kxg3 Ke4 53.h4 h5 54.Ng5+ Kd4 55.Kf4 a5 56.Nh7 axb4 57.axb4 Kc4
58.Nf6 Ba4 59.Ke5 Kxb4 60.Kd4 b6 61.cxb6 cxb6 62.Nxh5 Bd1 63.Nf4  1/2-1/2

[Event "NRW-Liga 9798"]
[Site "Germany"]
[Date "1998.??.??"]
[Round "9.3"]
[White "Stolte, Alexander"]
[Black "Kalka, Arkadius Georg"]
[Result "1/2-1/2"]
[WhiteElo "2165"]
[BlackElo "2320"]

1.d4 Nf6 2.Nf3 g6 3.c4 Bg7 4.Nc3 O-O 5.e4 d6 6.Be2 e5 7.d5 a5 8.h4 h5 9.Ng5 Nbd7
10.Be3 Re8 11.f3 Nf8 12.c5 dxc5 13.Bxc5 Bd7 14.Bc4 N6h7 15.Qd2 Bf6 16.Be3 Rb8
17.a4 Be7 18.O-O-O Bd6 19.g4 Nf6 20.gxh5 Nxh5 21.Rdg1 Nh7 22.Ba7 Ra8 23.Ne6 Qf6
24.Qh6 Rxa7 25.Qxh5 Kh8 26.Qh6 fxe6 27.dxe6 Bf8 28.Qe3 Bxe6 29.Bxe6 b6 30.Bd7 Bc5
31.Qe2 Rd8 32.Rd1 Bd4 33.Nd5 Qd6 34.Bg4 c6 35.Nxb6 Qc5+ 36.Nc4 Rb8 37.Kb1 Rab7
38.Rd3 Rb4 39.Rc1 Rxa4 40.Be6 Rbb4 41.Qd1 Nf8 42.Bf7 Kg7 43.f4 Kxf7 44.Rxd4 Qxd4
45.Nxe5+ Kg7 46.Qxd4 Rxd4 47.Nxc6 Rab4 48.Nxd4 Rxd4 49.Rc5 a4 50.f5 Rxe4
51.fxg6 Ne6 52.Ra5 Rxh4 53.Ka2 Rc4 54.b3 Rc2+ 55.Ka3 axb3 56.Kxb3 Nd4+ 57.Ka3 Kxg6
58.Rd5 Nf5 59.Kb3 Rc8 60.Rd3 Kf6 61.Kb4 Ke5 62.Rd1 Ne3 63.Rh1 Nd5+ 64.Kb5 Nc3+
65.Kb6 Ne4 66.Rh5+ Kd4 67.Rh4 Rf8 68.Kc6 Rf6+ 69.Kb5 Rg6 70.Ka5 Kd5 71.Kb5 Rg1
72.Rh5+ Ng5 73.Kb4 Rg3 74.Kb5 Rg4 75.Rh1 Nf3 76.Rh5+ Ne5 77.Rh1 Rd4 78.Rh5 Rg4  1/2-1/2

[Event "Haarlem AKN op"]
[Site "Haarlem"]
[Date "1998.??.??"]
[Round "3"]
[White "Erwich, Frans AGM"]
[Black "Szekely, Peter"]
[Result "0-1"]
[WhiteElo "2105"]
[BlackElo "2475"]

1.d4 Nf6 2.c4 g6 3.Nf3 Bg7 4.Nc3 O-O 5.e4 d6 6.Be2 e5 7.d5 a5 8.Bg5 h6 9.Bh4 Na6
10.Nd2 h5 11.Bg5 Qe8 12.a3 Bd7 13.b3 Nh7 14.Be3 Qe7 15.O-O f5 16.exf5 gxf5
17.f3 e4 18.Qc1 f4 19.Bxf4 exf3 20.Nxf3 Bxc3 21.Qxc3 Rxf4 22.Rae1 Qf6 23.Qxa5 Rf8
24.b4 Qc3 25.c5 dxc5 26.d6 cxd6 27.Bxa6 bxa6 28.Qxa6 Qf6 29.Rd1 d5 30.Qa7 Bb5
31.Rfe1 Rxf3 32.gxf3 Ng5 33.Re3 Nh3+ 34.Kg2 Qg5+ 35.Kxh3 Rxf3+  0-1

[Event "Capablanca mem Masters II"]
[Site "Havana"]
[Date "1998.??.??"]
[Round "11"]
[White "Ramon, Vivian"]
[Black "Andonovski, Ljubisa"]
[Result "0-1"]
[WhiteElo "2325"]
[BlackElo "2395"]

1.d4 Nf6 2.Nf3 g6 3.c4 Bg7 4.Nc3 O-O 5.e4 d6 6.Be2 e5 7.O-O c6 8.Bg5 h6 9.Bh4 Qe7
10.c5 Nbd7 11.cxd6 Qxd6 12.dxe5 Qxd1 13.Raxd1 Nh5 14.Be7 Re8 15.Bd6 Nf4 16.Bc4 Nb6
17.Bb3 Bg4 18.Rd2 Bxf3 19.gxf3 Bxe5 20.Bc5 Rad8 21.Rfd1 Bc7 22.Be3 g5 23.Bxf4 gxf4
24.Ne2 Rxd2 25.Rxd2 Be5 26.Kf1 Kf8 27.Nd4 Bxd4 28.Rxd4 Re5 29.Rd6 Kg7 30.Rd8 Rb5
31.Ke2 a5 32.Rd2 a4 33.Bd1 Nc4 34.Rc2 Nxb2 35.Kd2 Nxd1 36.Kxd1 Kf6 37.Kd2 Ke5
38.Kd3 Kd6 39.Kd4 a3 40.Rc3 Rb4+ 41.Kd3 Rb2 42.Rxa3 Rxf2 43.Kd4 Rd2+ 44.Kc4 Rxh2
45.Rd3+ Kc7 46.Kd4 Rxa2 47.Ke5 Re2 48.Kxf4 b5 49.Ke5 c5 50.Rd6 b4 51.Rf6 b3
52.Rxf7+ Kc6 53.Rf6+ Kb5 54.Rxh6 b2 55.Rh8 Kc4 56.Rb8 Kc3 57.f4 Re1 58.f5 b1=Q
59.Rxb1 Rxb1 60.Kd6  0-1

[Event "Hlohovec op"]
[Site "Hlohovec"]
[Date "1998.??.??"]
[Round "2"]
[White "Dobrotka, Martin"]
[Black "Moravcik, Rastislav"]
[Result "1/2-1/2"]
[WhiteElo "2235"]
[BlackElo "2090"]

1.d4 Nf6 2.c4 g6 3.Nc3 Bg7 4.e4 d6 5.Nf3 O-O 6.Be2 e5 7.d5 Nbd7 8.O-O Nc5
9.Qc2 a5 10.b3 Bd7 11.Bb2  1/2-1/2

[Event "Hlohovec op"]
[Site "Hlohovec"]
[Date "1998.??.??"]
[Round "2"]
[White "Krivoshey, Sergei"]
[Black "Hanko, Pavel"]
[Result "1-0"]
[WhiteElo "2475"]
[BlackElo "2200"]

1.d4 Nf6 2.c4 g6 3.Nc3 Bg7 4.e4 d6 5.Nf3 O-O 6.Be2 e5 7.O-O Nbd7 8.Be3 Ng4
9.Bg5 f6 10.Bc1 c6 11.Qc2 f5 12.d5 Nc5 13.Nd2 Nf6 14.b4 Ncxe4 15.Ndxe4 Nxe4
16.Nxe4 fxe4 17.Qxe4 Bf5 18.Qe3 Qb6 19.c5 Qxb4 20.Ba3 Qd4 21.dxc6 bxc6 22.cxd6 Qxe3
23.fxe3 Be6 24.Rfd1 e4 25.Rac1 Bd7 26.Rc4 Rfe8 27.Rb1 Be6 28.Rxc6 Bxa2 29.Rb7 Bd5
30.Bc4 Bxc4 31.Rxc4 Bf8 32.Rcc7 Re6 33.Rxh7 Bxd6 34.Rbg7+ Kf8 35.Bb2 Be5
36.Bxe5 Rxe5 37.Rxg6 a5 38.h4 a4 39.h5 a3 40.Rh8+ Kf7 41.Rxa8  1-0

[Event "Hlohovec op"]
[Site "Hlohovec"]
[Date "1998.??.??"]
[Round "3"]
[White "Timoshchenko, Gennadi A"]
[Black "Pinter, Erik"]
[Result "1-0"]
[WhiteElo "2520"]
[BlackElo "2080"]

1.d4 Nf6 2.Nf3 g6 3.c4 Bg7 4.Nc3 O-O 5.e4 d6 6.Be2 e5 7.Be3 Ng4 8.Bg5 f6
9.Bh4 g5 10.Bg3 Nh6 11.dxe5 dxe5 12.Qxd8 Rxd8 13.Nd5 Na6 14.Ne7+ Kf8 15.Nxc8 Raxc8
16.a3 Nc5 17.Nd2 Rd4 18.f3 Rcd8 19.Bf2 Nd3+ 20.Bxd3 Rxd3 21.Rd1 a6 22.Ke2 Nf7
23.g4 Ke8 24.c5 c6 25.Be3 Bf8 26.Rc1 R8d7 27.Nc4 Rb3 28.Rhd1 Rxd1 29.Rxd1 Nd8
30.Rd3 Rxd3 31.Kxd3 Be7 32.Na5 Kd7 33.Bf2 Kc7 34.h4 h6 35.h5 Ne6 36.b4 Nd8
37.Nc4 Nf7 38.Ne3 Bf8 39.Nf5 Kc8 40.Kc4 Kb8 41.a4 Nd8 42.f4 Nf7 43.fxg5 fxg5
44.Be1 Kc8 45.b5 axb5+ 46.axb5 Kb8 47.Ba5 Kc8 48.Kb4 Kb8 49.Bb6 Kc8 50.Ka5 Kb8
51.bxc6 bxc6 52.Ka6 Kc8 53.Ka7 Nd8 54.Bxd8 Kxd8 55.Kb7 Bxc5 56.Kxc6 Bf8 57.Kd5 Ke8
58.Ke6  1-0

[Event "Hollabrunn op"]
[Site "Hollabrunn"]
[Date "1998.??.??"]
[Round "9"]
[White "Koutsin, Sergey"]
[Black "Martinkus, Rolandas"]
[Result "1-0"]
[WhiteElo "2400"]
[BlackElo "2350"]

1.d4 Nf6 2.c4 g6 3.Nc3 Bg7 4.e4 d6 5.Nf3 O-O 6.Be2 Nbd7 7.O-O e5 8.Re1 h6
9.Bf1 c6 10.Rb1 Re8 11.d5 c5 12.a3 Nh7 13.b4 b6 14.Nd2 Bf6 15.Nb3 Bg5 16.Bb2 f5
17.Bd3 Ndf6 18.Qc2 fxe4 19.Nxe4 Re7 20.Nxg5 Nxg5 21.Bxg6 Rg7 22.f4 Ng4 23.fxg5 Qxg5
24.Be4 Qf4 25.g3 Nxh2 26.Qxh2 Rxg3+ 27.Bg2 Bh3 28.Re2 Rf8 29.Nd2 Qg4 30.Rf1 Rf4
31.Rxf4 exf4 32.Rf2 Kh7 33.Nf1 Rb3 34.Bc1 Bxg2 35.Rxg2 Qd1 36.Qxf4 Rf3 37.Qxh6+  1-0

[Event "HUN-chT9899"]
[Site "HUN"]
[Date "1998.??.??"]
[Round "?"]
[White "Farago, Ivan"]
[Black "Czebe, Attila"]
[Result "0-1"]
[WhiteElo "2530"]
[BlackElo "2455"]

1.d4 d6 2.Nf3 Nf6 3.c4 g6 4.Nc3 Bg7 5.e4 O-O 6.Be2 e5 7.O-O exd4 8.Nxd4 Re8
9.f3 Nc6 10.Be3 Nh5 11.Qd2 Nxd4 12.Bxd4 Nf4 13.Kh1 Be5 14.Rad1 Be6 15.b3 Qf6
16.Nb5 Re7 17.Be3 a6 18.Nd4 c5 19.Nf5 gxf5 20.Bxf4 Rd7 21.Bg5 Qg6 22.Bd3 Re8
23.Rfe1 f6 24.exf5 Bxf5 25.Bxf5 Qxf5 26.Qd5+ Kh8 27.Be3 Qc2 28.Bxc5 Rde7
29.Rd2 Bd4 30.Bxd4 Rxe1+ 31.Bg1 Qc1  0-1

[Event "HUN-chT9899"]
[Site "HUN"]
[Date "1998.??.??"]
[Round "?"]
[White "Kiss, Pal"]
[Black "Boros, Daniel"]
[Result "1/2-1/2"]
[WhiteElo "2435"]
[BlackElo "2300"]

1.d4 Nf6 2.c4 g6 3.Nc3 Bg7 4.e4 d6 5.Nf3 O-O 6.Be2 e5 7.d5 a5 8.Bg5 h6 9.Bh4 Qe8
10.Nd2 Nh7 11.f3 f5 12.b3 Nf6 13.Bf2 Na6 14.a3 Bd7 15.Rb1 Nh5 16.g3 Nf6 17.b4 axb4
18.axb4 b6 19.O-O g5 20.Bd3 fxe4 21.Ndxe4 Nxe4 22.Nxe4 Bh3 23.Re1 Qf7 24.Be2 Bf5
25.Rf1 Bh3 26.Re1 Bf5  1/2-1/2

[Event "HUN-chT2 9798"]
[Site "HUN"]
[Date "1998.??.??"]
[Round "?"]
[White "Kormos, Lajos"]
[Black "Borsavolgyi, Tamas"]
[Result "0-1"]
[WhiteElo "2200"]
[BlackElo "2280"]

1.d4 Nf6 2.c4 g6 3.Nc3 Bg7 4.e4 d6 5.Be2 O-O 6.Nf3 Nbd7 7.O-O e5 8.d5 Nc5
9.Qc2 a5 10.Ne1 c6 11.Be3 cxd5 12.Bxc5 d4 13.Bxd4 exd4 14.Nb5 Re8 15.Bd3 Nh5
16.g3 Bh3 17.Ng2 Rc8 18.a3 Qb6 19.Qd2 Nf6 20.Qf4 Rc6 21.Qh4 Be6 22.b3 Ng4
23.Qg5 Ne5 24.Be2 d3 25.Bd1 Nxc4 26.Rc1 h6 27.Qf4 g5  0-1

[Event "HUN-chT29899"]
[Site "HUN"]
[Date "1998.??.??"]
[Round "?"]
[White "Szuhanek, Ranko"]
[Black "Veroci, Zsuzsa"]
[Result "1/2-1/2"]
[WhiteElo "2405"]
[BlackElo "2315"]

1.Nf3 Nf6 2.c4 g6 3.Nc3 Bg7 4.e4 d6 5.d4 O-O 6.Be2 Nbd7 7.O-O e5 8.Qc2 c6
9.Rd1 Qe7 10.Rb1 exd4 11.Nxd4 Nc5 12.f3 a5 13.Be3 Nfd7 14.Qd2 Re8 15.Bf2 Be5
16.Bf1 Nf8  1/2-1/2

[Event "HUN-chT29899"]
[Site "HUN"]
[Date "1998.??.??"]
[Round "?"]
[White "Vannay, Janos"]
[Black "Arato, Bela"]
[Result "0-1"]
[WhiteElo "2080"]
[BlackElo "2080"]

1.Nf3 Nf6 2.c4 g6 3.Nc3 Bg7 4.d4 O-O 5.e4 d6 6.Be2 e5 7.d5 Nbd7 8.O-O Nc5
9.Qc2 a5 10.Be3 Ng4 11.Bxc5 dxc5 12.Rad1 f5 13.h3 Nh6 14.Qd2 Nf7 15.Bd3 f4
16.Nb5 Ra6 17.Bc2 g5 18.Nh2 g4 19.Nxg4 Bxg4 20.hxg4 Rh6 21.Qc3 Qh4 22.Qh3 Qxh3
23.gxh3 f3 24.Kh2 Ng5 25.Rh1 Rxh3+ 26.Kg1 Rf4 27.Rxh3 Nxh3+ 28.Kf1 Rxg4 29.Ke1 Bh6
30.Bd3 Rg1+ 31.Bf1 Nf4 32.Kd2 Nxd5+ 33.Kc2 Nf6 34.Nxc7 Nxe4 35.Rd8+ Kf7 36.Rd7+ Kf6
37.Nd5+ Kg5 38.Bd3 Nxf2 39.Rxh7 Nxd3 40.Kxd3 Kg6 41.Rxh6+ Kxh6 42.Ke3 Rg2
43.Kxf3 Rxb2 44.Ke4 Rxa2 45.Kxe5 Rc2 46.Nb6 Rb2 47.Nd5 a4  0-1